Histoire de la psychologie (notice n° 2186251)

détails MARC
000 -LEADER
fixed length control field 00742cam a2200157 4500500
005 - DATE AND TIME OF LATEST TRANSACTION
control field 20260405064217.0
041 ## - LANGUAGE CODE
Language code of text/sound track or separate title fre
042 ## - AUTHENTICATION CODE
Authentication code dc
100 10 - MAIN ENTRY--PERSONAL NAME
Personal name Braunstein, Jean-François
Relator term author
245 00 - TITLE STATEMENT
Title Histoire de la psychologie
260 ## - PUBLICATION, DISTRIBUTION, ETC.
Name of publisher, distributor, etc. Armand Colin,<br/>
Date of publication, distribution, etc. 2010.<br/>
520 ## - SUMMARY, ETC.
Summary, etc. Histoire de la psychologie, des origines aux découvertes les plus récentes, en passant par les différents courants et traditions nationales. Nouvelle édition enrichie notamment des nouveaux apports en psychanalyse et en sciences cognitives.
700 10 - ADDED ENTRY--PERSONAL NAME
Personal name Pewzner, Évelyne
Relator term author
700 10 - ADDED ENTRY--PERSONAL NAME
Personal name Pewzner-Apeloig, Évelyne
Relator term author
856 41 - ELECTRONIC LOCATION AND ACCESS
Uniform Resource Identifier <a href="https://shs.cairn.info/histoire-de-la-psychologie--9782200249427?lang=fr&redirect-ssocas=7080">https://shs.cairn.info/histoire-de-la-psychologie--9782200249427?lang=fr&redirect-ssocas=7080</a>

Pas d'exemplaire disponible.

PLUDOC

PLUDOC est la plateforme unique et centralisée de gestion des bibliothèques physiques et numériques de Guinée administré par le CEDUST. Elle est la plus grande base de données de ressources documentaires pour les Étudiants, Enseignants chercheurs et Chercheurs de Guinée.

Adresse

627 919 101/664 919 101

25 boulevard du commerce
Kaloum, Conakry, Guinée

Réseaux sociaux

Powered by Netsen Group @ 2025